Statistics for Can You Name all European Championship Winners ( Soccer)

Click here to take the quiz!

General Stats

  • This quiz has been taken 239 times
  • The average score is 13 of 15

Answer Stats

YearAnswer% Correct
2008Spain
99%
1964Spain
99%
2012Spain
99%
1984France
97%
2000France
97%
1996Germany
97%
1968Italy
97%
2016Portugal
97%
2004Greece
92%
1988Netherlands
87%
1992Denmark
85%
1976Czechoslovakia
61%
1972West Germany
61%
1980West Germany
61%
1960Soviet Union
55%

Score Distribution

Percentile by Number Answered

Percent of People with Each Score

Your Score History

You have not taken this quiz